Understanding Microfinance (Record no. 113921)

MARC details
000 -LEADER
fixed length control field 00318pam a2200133 a 4500
020 ## - INTERNATIONAL STANDARD BOOK NUMBER
Terms of availability
041 ## - LANGUAGE CODE
Language code of original
082 ## - DEWEY DECIMAL CLASSIFICATION NUMBER
Classification number 658.14999999999998
Item number PAN
100 ## - MAIN ENTRY--PERSONAL NAME
Personal name Panda,D.K.
245 ## - TITLE STATEMENT
Title Understanding Microfinance
Medium Textual Documents
260 ## - PUBLICATION, DISTRIBUTION, ETC.
Place of publication, distribution, etc. New York
Name of publisher, distributor, etc. John Wiley And Sons
Date of publication, distribution, etc. 2010
300 ## - PHYSICAL DESCRIPTION
Extent XIII/279
930 ## - EQUIVALENCE OR CROSS-REFERENCE-UNIFORM TITLE HEADING [LOCAL, CANADA]
Uniform title 7094
Holdings
Withdrawn status Lost status Damaged status Not for loan Collection Home library Current library Shelving location Date acquired Source of acquisition Cost, normal purchase price Total Checkouts Full call number Barcode Date last seen Copy number Price effective from Koha item type
          Abhijit Kadam Institute of Management & Social Science, Solapur Abhijit Kadam Institute of Management & Social Science, Solapur   30/03/2013 Bharati Madhyavarti Sahakari Grahakbhandar Limited 500.00   658.14999999999998 PAN AKS-M-12416 01/03/2023 1 01/03/2023 Book